Η πληροφορική τεχνολογία στην κοινωνική έρευνα: : το πρόβλημα των δεδομένων

Αποθηκεύτηκε σε:
Λεπτομέρειες βιβλιογραφικής εγγραφής
Κύριος συγγραφέας: Κάλλας, Γιάννης, 1954-
Μορφή: Βιβλίο
Γλώσσα:Greek
Δημοσίευση: Αθήνα : Νεφέλη, 2008
Έκδοση:2η έκδ., αναθ. και συμπληρωμένη
Θέματα:
Ετικέτες: Προσθήκη ετικέτας
Δεν υπάρχουν, Καταχωρήστε ετικέτα πρώτοι!

MARC

LEADER 00000cam a2200000 i 4500
001 1/98214
008 081126s2008 gr | ||| |||| ||gre||
020 |a 9789602118795 
035 |l 10102011 
040 |a GR-MY-UA  |b gre  |e aacr 
041 0 |a gre 
082 0 |a 300.723  |2 (22) 
100 1 |a Κάλλας, Γιάννης,   |d 1954- 
245 1 2 |a Η πληροφορική τεχνολογία στην κοινωνική έρευνα: :  |b το πρόβλημα των δεδομένων /  |c Γιάννης Κάλλας 
250 |a 2η έκδ., αναθ. και συμπληρωμένη 
260 |a Αθήνα :   |b Νεφέλη,   |c 2008 
300 |a 372 σ.;  |c 24 εκ. 
504 |a Βιβλιογραφία: σ. [363]-372 
650 0 0 |a Social sciences  |x Research  |x Methodology. 
650 0 0 |a Social sciences  |x Research  |x Data processing. 
650 0 0 |a Sociology  |x Research  |x Methodology. 
650 0 0 |a Sociology  |x Research  |x Data processing. 
852 |a INST  |b LESVOS  |e 20081126  |h 300.723 ΚΑΛ  |p 005100044207  |q 005100044207  |t BK  |y 0 
901 |a BIBL1-2008-3 
909 |a Λ  |b 141121 
970 |a ΓΙΑΛΑΜΑ  |b ΜΑΡΙΑ  |z 2008/11/26